00780 2200277 4500001002100000005001500021035002500036008004100061020001800102040001700120082001600137084001800153100002500171245007300196260003100269300002900300650001400329850001200343007000300355090002200358090002200380504003400402999002200436990002200458990002200480INLIS00000000000814220200525114722 a0010-071500000000825150715s2014 yoia g ind d a602-258-182-6 aYOPDYOGbind04222a297.122 a297.122 ILY h0 aIlyas Supena,d1972-00aHermeneutika Al-Qur an dalam pandangan Fazlur Rahman /cIlyas Supena3 aYogyakarta :bOmbak,c2014 axi, 252 halaman ;c21 cm 4aAl-Qur an aYOPDYOGta aDEP 297.122 ILY h aCB-D.11 2014-1291 aBibliografi : halaman 226-252 aCB-D.11/2014-1291 aCB-D.11/2014-1291 aCB-D.11/2014-1291